000 00636nam a2200205Ia 4500
005 20230203150136.0
008 131103s9999 xx 000 0 und d
020 _a0895770784 (set)
040 _aLoreto College
041 _aEnglish
082 _a823.08
_bSID
245 4 _aThe world's best fairy tales
_b a reader's digest anthology
_cedited by Belle Becker Sideman; :illustrations by Fritz Kredel
260 _aNew york
_bThe Reader's Association
_c1977
300 _a448 p.
_b plates
650 _aEnglish fiction - collection
651 _aFairy tales
700 _aSideman,Belle Becker,ed.
850 _aLCLIB
942 _cBK
999 _c4579
_d55058